[Event "Livorno Provinz-ch"]
[Site "Livorno"]
[Date "2011.01.15"]
[Round "2"]
[White "Rinaldi, Francesco Saverio"]
[Black "Nervi, Mauro"]
[Result "1/2-1/2"]
[WhiteElo "2102"]
[BlackElo "1993"]
[PlyCount "61"]
[EventDate "2011.01.14"]
[EventType "swiss"]
[EventRounds "5"]
[EventCountry "ITA"]
[SourceTitle "EXT 2012"]
[Source "ChessBase"]
[SourceDate "2011.11.24"]
[SourceVersion "1"]
[SourceVersionDate "2011.11.24"]
[SourceQuality "1"]

1. d4 Nf6 2. c4 g6 3. Nc3 d5 4. cxd5 Nxd5 5. g3 Bg7 6. Bg2 c6 7. Nf3 0-0 8. 0-0 Nd7 9. e4 Nxc3 10. bxc3 e5 11. Ba3 Re8 12. Re1 exd4 13. cxd4 Nb6 14. Qc2 Bg4 15. Rad1 Qd7 16. Bc5 Qe6 17. Rb1 Bxf3 18. Bxf3 Red8 19. e5 Rd7 20. Qe2 f5 21. exf6 Qxe2 22. Rxe2 Bxf6 23. Bg4 Rdd8 24. Bxb6 axb6 25. Rxb6 Ra7 26. d5 Bd4 27. Rb4 c5 28. Rb5 Kf8 29. Be6 Rd6 30. Rb3 b6 31. Kg2 1/2-1/2